| 000 | 00429nam a2200157Ia 4500 | ||
|---|---|---|---|
| 008 | 230312s9999||||xx |||||||||||||| ||und|| | ||
| 020 | _a0-07-1214-79-8 | ||
| 082 |
_a658.3 _bKRE-O |
||
| 100 | _aKreitner Robert | ||
| 245 | 0 | _aOrganizational Behavior | |
| 260 |
_bMcGraw Hill _aNew York _c2004 |
||
| 300 | _a710 | ||
| 546 | _aEng. | ||
| 650 |
_aManagement _vWorld of Organizational Behavior , Organizational Processes |
||
| 942 | _cBK | ||
| 999 |
_c798 _d798 |
||